00709 2200265 4500001002100000005001500021035002000036245007600056100001700132250000600149300003500155700001700190260003300207082001200240084001800252020002200270650003200292990001700324990001700341990001700358990001700375990001700392990001700409990001700426INLIS00000000000027320180925113243 a0010-09180001271 aKota-Kota Bersejarah di Indonesia /cFadly Rahman; Editor, Epik Finilih0 aFadly Rahman a- aiv, 60 hlm. :bilus. ;c21 cm.0 aEpik Finilih aDepok :bCV Arya Duta,c2010 a911.598 a911.598 FAD k a978-979-750-418-2 aGeografi Historis Indonesia a01128/H/2018 a01129/H/2018 a01130/H/2018 a01131/H/2018 a01132/H/2018 a01133/H/2018 a01134/H/2018